00770nam a22002534a 450000500170000000800410001701000170005802000260007503500170010103700170011804000180013508200170015310000190017024500590018926000340024827000340028230000400031650000340035650000200039061000180041065000330042865000370046170000180049820100419140032.0090227s2008 nyua 001 0 eng  aB-362923-929 a9780330508124c295.00 aB-362923-929 bPansy books  adplbEnglish  a338.76102504 aVise, David A. aThe Google story /cby David A. Vise with Mark Malseed aLondon bPan Macmillan c2005 a20, New Wharf Road, bLondon  axvii, 330 p. :bill. ;c24 cm(pbk)  a"For Google's 10th birthday." aIncludes index. aGoogle (Firm) aBrowsers (Computer programs) aEntrepreneurshipzUnited States. aMalseed, Mark